Na obranu dobývání renty

Neefektívnosť statického monopolu. Dobývanie renty. Klasifikácia dobývania renty. Kritika dobývania renty.

Salvato in:
Dettagli Bibliografici
Autore principale: Otáhal, Tomáš
Natura: Capitolo di libro
Lingua:ceco
Soggetti:
Tags: Aggiungi Tag
Nessun Tag, puoi essere il primo ad aggiungerne!!

MARC

LEADER 00000naa$a2200000$$$4500
001 0090406
005 20231102113017.7
041 0 |a cze 
044 |a SK 
245 1 0 |a Na obranu dobývání renty  |c Tomáš Otáhal 
520 |a Neefektívnosť statického monopolu. Dobývanie renty. Klasifikácia dobývania renty. Kritika dobývania renty. 
610 2 0 |a renta 
610 2 0 |a monopoly 
610 2 0 |a efektívnosť ekonomická 
610 2 0 |a rast hospodársky 
610 2 0 |a trh 
100 1 |a Otáhal, Tomáš